پا نچو ا ن گا ند ھی : کلو ا کنٹلہ چند ر شیکھرر ا ؤ (Record no. 148699)

MARC details
000 -LEADER
fixed length control field 00770nam a22001937a 4500
005 - DATE AND TIME OF LATEST TRANSACTION
control field 20180627150948.0
010 ## - LCCN (DPL NO)
LC control number UR-9992
020 ## - INTERNATIONAL STANDARD BOOK NUMBER
Terms of availability 1300.00
International Standard Book Number -
035 ## - SYSTEM CONTROL NUMBER
System control number U-8547
037 ## - SOURCE OF ACQUISITION
Source of stock number/acquisition DBAD/PUB
100 ## - MAIN ENTRY--PERSONAL NAME
Personal name ا ہلیہ جلا ل ا لد ین ا کبر
245 ## - TITLE STATEMENT
Title پا نچو ا ن گا ند ھی : کلو ا کنٹلہ چند ر شیکھرر ا ؤ
Statement of responsibility, etc ا ہلیہ جلا ل ا لد ین ا کبر
246 ## - VARYING FORM OF TITLE
Remainder of title Paanchwan Gandhi:Kalwa Kantla Chander Sheikher Rao
Title proper/short title by Jalaluddin Akbar
260 ## - PUBLICATION, DISTRIBUTION, ETC. (IMPRINT)
Place of publication, distribution, etc Tilangana
Name of publisher, distributor, etc W/O Jalaluddin Akbar
Date of publication, distribution, etc 2017
270 ## - ADDRESS
Address 17-1-178/A/76,Sri NagarColony,Santosh Nagar,
City Haiderabad
Postal code 59
Telephone number 984-826-1465
Fax number -
300 ## - PHYSICAL DESCRIPTION
Extent 360ص
Dimensions 22 Cm.(B.b)
500 ## - GENERAL NOTE
General note دو حصہ
942 ## - ADDED ENTRY ELEMENTS (KOHA)
Source of classification or shelving scheme Dewey Decimal Classification
Item type Urdu Bks
Classification part 954.083
Call number suffix ج ل ا
Holdings
Withdrawn status Lost status Not for loan Collection code Home library Current library Date acquired Source of acquisition Cost, normal purchase price Full call number Barcode Copy number Cost, replacement price Koha item type
    Not For Loan Non-fiction D.B.Act.Division D.B.Act.Division 02/01/2018 DBAD/PUB. 1300.00 954.083 ج ل ا U-8547 1 1300.00 Urdu Bks

© Delhi Public Library
Hit Counter
free hit counter